000 00733nam a2200229 a 4500
005 20140310183349.0
008 070606s19uu xx 00 eng d
020 _a1840005106
050 _aPN 1995.9.C53
_b.F73 2002
100 _aFranchi, Rudy
245 _aMiller's movie collectibles /
_cRudy Franchi
260 _aLondon :
_bOctopus Publishing Group,
_c2002.
300 _a144 p. :
_bcol. ill. ;
_c25 cm.
521 _aMC
650 _aMotion pictures
_xCollectibles
_xPrices
_xGreat Britain.
650 _aMotion pictures
_xCollectibles
_xPrices
_xUnited States.
650 _aFilm posters
_xGreat Britain.
650 _aFilm posters
_xUnited States.
700 _aFranchi, Barbara
942 _cBK
_2lcc
_kFOR
999 _c22029
_d22029